000 00481nam a2200181Ia 4500
001 24757
005 20260414151104.0
008 260414t2021||||xx |||||||||||||| ||spa||
041 _aESP
082 _a345.733
_bD84
100 _aDivisión de Estudios Jurídicos de Gaceta Jurídica
_eAUT
245 0 _aLos procesos no contenciosos en sus documentos
_b
260 _c2021
300 _a334 páginas :
_c25 cm.
650 _aDER
654 _aCDE
942 _cLIB
_dJUS
_fJUS
_2ddc
_n
999 _c24757
_d24757